Statistics for 20 Největších měst ČR podle populace

Click here to take the quiz!

General Stats

  • This quiz has been taken 41 times
  • The average score is 15 of 20

Answer Stats

Město Populace % Correct
Praha1,308,632
100%
Ostrava289,128
100%
Plzeň172,441
100%
Brno380,681
100%
Hradec Králové92,742
100%
Olomouc100,523
97%
České Budějovice94,014
92%
Pardubice90,688
89%
Liberec104,445
89%
Zlín74,997
86%
Ústí nad Labem92,952
86%
Jihlava50,845
72%
Opava56,638
69%
Most66,186
61%
Teplice49,575
53%
Havířov71,903
50%
Kladno69,054
50%
Frýdek-Místek55,931
50%
Karviná52,824
47%
Děčín48,809
36%

Score Distribution

Percentile by Number Answered

Percent of People with Each Score

Your Score History

You have not taken this quiz